000 01112cam a22003377a 4500
003 CHAP
005 20220817044022.0
008 050420d2003 mx r 00110 spa d
010 _a90138
011 _a91110
020 _a968794708X
035 _a101668
040 _cCHAP
082 0 4 _a338.972
_bD5
100 0 0 _aDíaz Bautista, Alejandro
_ecomp.
_933379
245 1 0 _aProblemas estructurales de la economía mexicana
_c/comp. por Alejandro Díaz Bautista
260 _aSan Antonio del Mar, B. C. :
_bColegio de la Frontera Norte,
_c2003.
300 _a210 p.
590 _aBATCH-UPD
_b10
_c20130110
_lUCH01
_h0441
590 _aBATCH-UPD
_b10
_c20130410
_lUCH01
_h0116
590 _aBATCH-UPD
_b10
_c20130914
_lUCH01
_h0821
590 _aCONVERSION
_b10
_c20130109
_lUCH01
_h1350
650 1 4 _aCambio estructural.
_917784
650 1 4 _aEconomía.
_935226
650 1 4 _aMéxico
_xCondiciones económicas.
650 1 4 _aPolítica económica
_zMéxico.
_990535
901 _aBK
905 _aLilia
942 _cLIBRO
949 _a338.972 D5
_bBC
_cLIBRO
_d33724000946133
_eLIBRO
_h105468
_i101668
_mc/e
_sb
_t$125.00
999 _c90138
_d90138